000 01429nam0a2200361 4500
001 RU\NLR\bibl\1068773
005 20250615042727.0
010 _a5-17-041472-2
_95000
021 _aRU
_b2007-11659
_9619
035 _a(nilc)RSL-KNO-003049463
035 _a(NLR Aleph) 001056017
090 _a908630
_c908630
100 _a20070301d2007 |||y0rusy50 ca
101 0 _arus
102 _aRU
105 _aa zzzz|||||
106 _ar
200 1 _aФэн-шуй
_eздоровье и долголетие
_e[оздоровительные упражнения, методы управления энергией, питание по Фэн-Шуй]
_fАлена Климова
210 _aМосква
_cАСТ
_aСанкт-Петербург
_cСова
_d2007 (печ. 2006)
215 _a187, [1] с.
_cил.
_d20
300 _aНа обл. авт. не указан
606 1 _aЗдоровье
_xВлияние фэн-шуй
_92211826
_3RU\NLR\auth\661328653
610 0 _aРелигия -- Вневероисповедные формы религии -- Мантика. Гадания -- Геомантия -- Фэн-шуй
686 _aЭ391.225,0
_2rubbk
686 _aР359.11
700 1 _aКлимова
_bА.
_gАлена
_4070
801 0 _aRU
_bРКП
_c20070301
_grcr
801 1 _aRU
_bРГБ
_c20070301
801 2 _aRU
_bNLR
_c20070404
_grcr
942 _cBOOK
980 _aNB